000 00209nam a2200085Ia 4500
008 120527s9999 xx 000 0 und d
100 _aCarson, et al
245 _aAbnormal Psychology and modern life
942 _cBK
999 _c27579
_d27579